Reglamento de circulación urbana e interurbana : Promulgado por Real Decreto de 17 julio de 1928 Promulgado por Real Decreto de 17 julio de 1928
Descripción Física:
107 p. : il., col. ; 17 cm
MARC
| LEADER | 00000nam a2200000Ia 4500 | ||
|---|---|---|---|
| 001 | 13034 | ||
| 008 | 160829s9999 xx 000 0 cat d | ||
| 080 | |a C-2-87 | ||
| 245 | |a Reglamento de circulación urbana e interurbana : |b Promulgado por Real Decreto de 17 julio de 1928 | ||
| 260 | |a Barcelona : |b Real Automóvil Club de Cataluña, [s.a.] | ||
| 300 | |a 107 p. : |b il., col. ; |c 17 cm | ||
| 650 | |a Circulació |x Dret i legislació |x Espanya |9 48808 | ||
| 901 | |a Arxiu | ||
| 942 | |n 1 | ||
| 952 | |0 0 |1 0 |4 0 |6 C287 |7 1 |9 47386 |a Arxiu |b Arxiu |d 2016-12-01 |l 0 |o C-2-87 |p 13034 |r 2016-12-01 00:00:00 |w 2016-12-01 |y ARXIU | ||
| 999 | |c 51184 |d 51184 | ||